[Event "Douglas IoM op"]
[Site "Douglas"]
[Date "2017.09.27"]
[Round "5"]
[White "Eljanov, Pavel"]
[Black "Kasimdzhanov, Rustam"]
[Result "1-0"]
[WhiteElo "2734"]
[BlackElo "2676"]
[Annotator "Mekhitarian,K"]
[PlyCount "66"]
[EventDate "2017.09.23"]
[EventType "swiss"]
[EventRounds "9"]
[EventCountry "IOM"]
[SourceTitle "CBM 181"]
[Source "ChessBase"]
[SourceDate "2017.11.10"]
[SourceVersion "1"]
[SourceVersionDate "2017.11.10"]
[SourceQuality "1"]

1. e4 Nf6 {The Alekhine Defence - first seen in a game between Napoleon
Bonaparte and Madame de Remuset, in 1802! The defence is solid, but doesn't
have the best reputation, since White has freedom to play in many different
ways and achieve a confortable position without much effort.} 2. e5 (2. d3 {
not the most ambitious response} Nc6 {Napoleon used to like his horses!} 3. f4
e5 $1 4. fxe5 Nxe5 5. Nc3 Nfg4 $2 {a greedy idea by the Emperor - his opponent
takes advantage of it!} 6. d4 $1 {[%csl Rg4]} Qh4+ 7. g3 Qf6 8. Nh3 $2 {
returning the favour - now the horses begin to do some damage:} (8. Bf4 $1 $18
{would win a piece by force}) 8... Nf3+ 9. Ke2 Nxd4+ 10. Kd3 Ne5+ $1 11. Kxd4
Bc5+ $1 12. Kxc5 Qb6+ 13. Kd5 Qd6# {0-1 (13) Madame de Remusat-Napoleon I
Paris 1802, not so bad!}) 2... Nd5 3. d4 d6 4. Nf3 dxe5 5. Nxe5 c6 6. Be2 (6.
Bd3 $5 {I played this move once, with the idea of stopping ...Bf5:} Nd7 7. Nf3
N7f6 8. h3 Nb4 9. Bc4 Bf5 {Black manages to develop the bishop, but now I can
win some tempi on his knight:} 10. Bb3 e6 11. a3 Nbd5 12. c4 Nb6 13. Nc3 Ne4
14. Ne2 $5 Be7 15. g4 Bg6 16. Nf4 $36 {1-0 (28) Mekhitarian,K (2563)-Aranha
Filho,A (2324) Pocos de Caldas 2016}) 6... Nd7 (6... Bf5 {would be the natural
response. This move has been played by Robert Markus, a strong grandmaster who
has scored some wins lately with the Alekhine} 7. O-O Nd7 8. Nf3 e6 9. c4 N5f6
10. Nc3 $1 (10. Bf4 Qb6 11. Qc1 Be7 12. Rd1 h6 {stopping Nh4 is advisable:} 13.
Nc3 O-O 14. c5 Qd8 15. b4 a6 16. Nd2 Nd5 17. Nxd5 exd5 18. Nb3 Re8 19. a4 Nf8
20. Qb2 Ne6 21. Bg3 Bf6 $15 {0-1 (50) Palac,M (2573)-Markus,R (2673) Mali
Losinj 2017, and Black is doing fine with the constant pressure on d4.}) 10...
Ne4 11. Qb3 Nxc3 12. bxc3 Qc7 13. Nh4 Bg6 14. g3 b6 15. a4 Bd6 16. a5 O-O 17.
Nxg6 hxg6 18. Be3 $14 {0-1 (36) Wang,H (2680)-Markus,R (2652) Novi Sad 2016,
despite the result, White is very comfortable with the bishop pair in this
open position.}) 7. c4 (7. Nf3 {is another way to play it} N7f6 8. O-O Bg4 9.
Ne5 $5 Bxe2 10. Qxe2 e6 11. c4 Ne7 12. Rd1 Ng6 13. Nc3 Qc7 14. g3 $36 {1-0 (52)
Sasikiran,K (2684)-Rozentalis,E (2599) Warsaw 2008; followed by h4, White
achieves a good initiative.}) 7... Nc7 (7... Nxe5 $6 {achieves one of Black's
objectives - exchange a minor piece in a position where he has less space, but
allows the creation of a weakness on c6, and leaves Black behind in
development:} 8. cxd5 Ng6 9. dxc6 bxc6 10. Bf3 Bb7 11. O-O $16 {should be
unpleasant: 1/2-1/2 (25) Robson,R (2522)-Ramirez,A (2594) Richardson 2011.}) 8.
Nf3 $1 {With a space advantage, it is advisable to keep as many pieces as
possible.} g6 9. Nc3 Bg7 10. O-O O-O 11. Bf4 Nf6 $6 (11... c5 $1 {trying to
undermine White's centre} 12. d5 e5 $5 {It is always a risky decision to allow
the strong d5-passed pawn, but Black is in time to establish a blockade on d6
and expand the kingside:} 13. Bg5 f6 14. Be3 Rf7 (14... f5 $1 {and Black is
ready to play ...Ne6 against d6.} 15. d6 $2 {this is one of the rare cases
that advancing your passed d-pawn in the middlegame is not good} Ne6 $1 $17 {
with ...Nd4 next}) 15. a3 Bf8 16. Rb1 Ne8 17. b4 b6 18. Nd2 Nd6 19. Nde4 $14 {
1/2-1/2 (31) Degraeve,J (2540)-Miles,A (2584) Mondariz 2000}) 12. h3 {Now
White gradually improves his position, and Black doesn't have a clear break (..
.e5 or ...c5 would be suggestions, but it's hard to make it happen now).} Bf5
13. Be5 Ne4 14. Bxg7 Kxg7 15. Re1 Nf6 $6 {I don't get this move - exchanges
should favour Black and ...Nxc3 even creates weaknesses in the white structure
(of course it also strengthens the centre, but that's not a big issue).
Moreover, White doesn't have Rab1 (because of the black bishop).} (15... Nxc3 {
should be good} 16. bxc3 f6 {followed by ...Qd7 and bringing the rook to the
centre} 17. Qd2 $16) (15... Qd6 $5) 16. Qd2 $16 Qd6 17. Rad1 Rad8 18. Qe3 Rfe8
19. Ne5 {Black is about to watch White advance all his pawns with g4, f4 and
slowly suffocate him.} Qb4 20. a3 $5 (20. Rd2 $1 {would be fine as well, with
an excellent position, but Eljanov doesn't want to waste time and goes for the
most ambitious. Honestly, it doesn't look necessary to sacrifice a pawn and go
for complications when you have a huge advantage.}) 20... Qxb2 21. Na4 $6 (21.
g4 $1 {would justify the pawn sacrifice} Bc8 22. Na4 Qc2 23. Nc5 $18 {[%csl
Rc2] the black queen is in trouble.}) 21... Qc2 22. Nc5 Qb2 $2 (22... b6 $1 {
was the last chance for Black:} 23. Ncd3 $1 (23. Rd2 $6 Ncd5 $1 24. cxd5 Nxd5 {
and White can't move the queen which is defending the d2-rook} 25. Qh6+ $1 (25.
Qg5 $2 Qc3 $1 $17) 25... Kxh6 26. Rxc2 Bxc2 27. Nxf7+ Kg7 28. Nxd8 bxc5 29.
Ne6+ Kf7 30. Nxc5 Rb8 $132 {with counterchances}) 23... Bxd3 24. Rxd3 {
threatening Bd1} Qa4 25. Bd1 Qa6 26. Nxc6 Rd6 27. Ne5 Nd7 $16 {and Black tries
to resist, but the central pawns look scary.}) 23. Rd2 Qb6 24. Qc3 {Rb2 is a
real threat.} Ne4 25. Nxe4 Bxe4 26. d5 $1 $18 {[%cal Gc3g7]} (26. c5 $4 Nd5 $1
$17 {suddenly Black solves all his problems, and keeps an extra pawn with ...
Qc7 next.}) 26... f6 27. c5 $1 {Now it's over.} Nb5 (27... Nxd5 28. Rxd5 $18 {
wins a piece.}) 28. Bxb5 Qxb5 29. a4 Qa6 30. d6 Bf5 (30... exd6 $2 31. Ng4 $1 {
is the key, there is no good way to defend f6:} Re6 32. Rxe4 $18) (30... Bd5 {
was still losing, but perhaps the best practical chance too:} 31. Ng4 e5 32.
Rde2 $1 {threatening Rxe5} Qc4 33. Qb2 Qxc5 34. Nxf6 $1 $18) 31. g4 $1 exd6 32.
Rxd6 Rxd6 33. cxd6 Rxe5 (33... Rxe5 {it would be pointless to keep on playing:}
34. Rxe5 fxe5 35. Qxe5+ Kg8 36. gxf5 $18 {the d-pawn decides the game in a
couple of moves.}) (33... c5 {it was the best chance, getting the pawn on d6,
but probably wouldn't change the outcome of the game} 34. gxf5 Qxd6 35. Nf3 $18
{Black may obtain three pawns for the piece, but his king remains vulnerable.})
1-0

[Event "EU-ch 11th"]
[Site "Rijeka"]
[Date "2010.03.08"]
[Round "3"]
[White "Nisipeanu, Liviu Dieter"]
[Black "Reinderman, Dimitri"]
[Result "1-0"]
[WhiteElo "2661"]
[BlackElo "2576"]
[Annotator "Nisipeanu,LD"]
[PlyCount "61"]
[EventDate "2010.03.06"]
[EventType "swiss"]
[EventRounds "11"]
[EventCountry "CRO"]
[SourceTitle "CBM 136"]
[Source "ChessBase"]
[SourceDate "2010.05.18"]
[SourceVersion "1"]
[SourceVersionDate "2010.05.18"]
[SourceQuality "1"]

1. e4 Nf6 2. e5 Nd5 3. d4 d6 4. Nf3 g6 {A most welcome opening choice by my
opponent, since I already prepared this line for our game in Wijk this year.}
5. Bc4 Nb6 6. Bb3 Bg7 7. Ng5 e6 8. Qf3 O-O (8... Qe7 {is the main move in this
position and after} 9. Ne4 dxe5 10. Bg5 Qb4+ 11. c3 Qa5 12. Bf6 Bxf6 13. Qxf6
O-O 14. Qxe5 Qxe5 15. dxe5 {White keeps a slight edge in this ending.}) (8...
Qd7 9. Ne4 dxe5 10. Nf6+ Bxf6 11. Qxf6 Rg8 12. dxe5 {should be better for
White, although Black won this position in the game Reyniers-Marin, Andorra
2009.}) 9. Qh3 h6 10. Nf3 dxe5 11. dxe5 Nc6 12. Bxh6 Nxe5 13. Ng5 $1 (13. Bxg7
Nxf3+ 14. Qxf3 Kxg7 {was about equal in the game Muzychuk,A-Reinderman Wijk
aan Zee 2010, but back then I discovered Ng5!}) 13... Nd3+ $6 {The favorite
choice by all (!) engines, never looked very convincing to me and indeed,
White is winning by force now.} 14. cxd3 Bxb2 15. Nd2 Bxa1 16. O-O Bd4 (16...
Bb2) 17. Nde4 $1 ({The computer's choice is much weaker:} 17. Ndf3 Re8 18. Nxf7
Kxf7 19. Bg5 Rh8 20. Bxd8 Rxh3 21. gxh3 {with only a slight advantage to White.
Good news for humans: Engines are not perfect (yet).}) 17... Re8 {The only
move, as 18.Bg7 was a strong threat.} 18. Nxf7 $2 {I spent a large amount of
time here, but I could not find a forced win and therefore I decided to ensure
a draw first and the look for more. Alas, precisely this move gives away the
win.} ({I was unable to calculate} 18. Nh7 $1 {to the end, but I blame myself
for not finishing the analysis at home, with the help of the computer. The
winning line goes:} Nd5 19. Bg5 f6 20. Qh6 fxg5 (20... Kf7 21. Bxf6 Bxf6 22.
Nexf6 c6 (22... Nxf6 23. Ng5+ Ke7 24. Qg7+ Kd6 25. Nf7+ $18) 23. Bxd5 exd5 24.
Nxe8 Qxe8 25. Ng5+ Kf6 26. Nf3 $1 Bf5 27. Re1 Qh8 28. Qf4 $18) 21. Bxd5 Re7 {
I reached at this position during my calculations and I considered it unclear.}
22. Qxg6+ Rg7 (22... Kh8 23. Nhf6 Bxf6 24. Nxf6 Qf8 25. Re1 $1 $18) 23. Nef6+
$1 (23. Nhf6+ Kf8) 23... Bxf6 (23... Kh8 24. Qh6) 24. Nxf6+ Kf8 25. Qh6 Qe7 26.
Bf3 $1 $18) 18... Qd7 $2 ({It seems that after} 18... Kxf7 {White can continue
to fight for a win in a complicated position with} 19. Qf3+ Bf6 (19... Kg8 20.
Qg4 Kf7 21. Ng5+ Kg8 22. Nf3 Qf6 23. Nxd4 {with good compensation for the
exchange.}) 20. Re1 $5 (20. Bg5 Nd7 21. Qh3 Bxg5 22. Qh7+ Kf8 23. Qh8+ {
is a draw.}) 20... Nd5 (20... Qd4 21. g4 {is very complicated, but seems to
favour White after some amazing moves found by the computer:} a5 22. g5 a4 23.
Bg7 $3 Nd7 24. gxf6 Ra5 25. Bd1 $16 {with the idea 26.Qh3}) 21. Ng5+ Kg8 22.
Qe4 Nf4 23. Qxf4 Bxg5 24. Bxg5 Qxd3 25. Qxc7 {again with good compensation for
the exchange.}) {The next sequence I calculated accurately and Black does not
get another chance from this point on.} 19. Be3 $1 Kxf7 20. Qh7+ Bg7 21. Ng5+
Kf6 22. Ne4+ {Just to avoid time trouble.} Kf7 23. Ng5+ Kf6 24. Nf3 $1 Qd6 25.
Bg5+ Kf7 26. Bh6 Qf8 27. Ne5+ Kf6 {At this point I was sure, that some
spectacular move like 28.f4 is winning on the spot, but I decided to save my
energy and just follow the line that I had previously calculated and which was
winning 100%.} 28. Qxg6+ Ke7 29. Bxg7 Qf5 30. Qh6 {There is no defence against
29.g4 trapping the queen.} Nd5 31. g4 1-0

[Event "Bjeljina Renome"]
[Site "Bijeljina Dvorovi"]
[Date "2000.01.29"]
[Round "4"]
[White "Cabrilo, Goran"]
[Black "Grunberg, Mihai Lucian"]
[Result "1-0"]
[WhiteElo "2483"]
[BlackElo "2409"]
[Annotator "Petronic,J"]
[PlyCount "71"]
[EventDate "2000.01.26"]
[EventType "tourn"]
[EventRounds "11"]
[EventCountry "YUG"]
[EventCategory "7"]
[SourceTitle "CBM 074 Extra"]
[Source "ChessBase"]
[SourceDate "2000.03.10"]
[SourceVersion "2"]
[SourceVersionDate "2000.03.10"]
[SourceQuality "1"]

1. e4 Nf6 2. e5 Nd5 3. d4 d6 4. Nf3 c6 5. Be2 Nd7 6. c4 Nc7 7. exd6 exd6 8. Nc3
Be7 9. Bf4 O-O 10. h3 Nf6 11. O-O d5 12. Re1 dxc4 13. Bxc7 Qxc7 14. Bxc4 Bf5
15. g4 (15. Ne5 $1) 15... Bg6 16. Ne5 Rad8 $1 17. h4 Bc5 18. dxc5 Rxd1 19.
Raxd1 Re8 20. f4 Kf8 21. g5 Bh5 22. Rd6 Qa5 23. Rxf6 Qxc5+ (23... gxf6 $4 24.
Nd7+ Kg7 25. gxf6+ Kh6 26. Rxe8 $18) 24. Kg2 Rxe5 25. Rxe5 Qb4 26. Ne4 Qxb2+
27. Kg3 Qc1 28. Kg2 (28. Rd6 $4 Qg1+ 29. Kh3 Bg4#) 28... Qc2+ 29. Kg3 Qd1 30.
Kh2 Qc2+ 31. Kg3 Qc1 (31... Qd1 32. Kh2 gxf6 33. Nxf6 Kg7 34. Ne8+ $1 Kf8 (
34... Kg6 $4 35. f5#) 35. Nf6 $11) 32. Rxf7+ $4 Bxf7 33. Bxf7 Qa3+ $4 (33...
Kxf7 34. Nd6+ Kg6 $19 (34... Kf8 $4 35. Re8#)) 34. Bb3 $18 a5 35. g6 hxg6 36.
Ng5 1-0

[Event "Rohde op 06th"]
[Site "Sautron"]
[Date "2006.11.03"]
[Round "8"]
[White "Bitensky, Igor"]
[Black "Dobrev, Nanko"]
[Result "0-1"]
[WhiteElo "2366"]
[BlackElo "2439"]
[Annotator "RR"]
[PlyCount "106"]
[EventDate "2006.10.28"]
[EventType "swiss"]
[EventRounds "9"]
[EventCountry "FRA"]
[SourceTitle "EXT 2007"]
[Source "ChessBase"]
[SourceDate "2006.11.23"]
[SourceVersion "1"]
[SourceVersionDate "2006.11.23"]
[SourceQuality "1"]

1. e4 {le MI israelien avait crée la surprise en prenant la tête du classement
général а l'issue de la 7ème ronde et DOBREV devait gagner pour avoir une
chance de remporter le tournoi.} Nf6 {Le bulgare reste fidèle а sa défense
habituelle.} 2. e5 Nd5 3. d4 d6 4. c4 Nb6 5. exd6 cxd6 6. Nc3 g6 7. h3 {
une protection indirecte du P c4 en évitant Bg4f3} (7. Be3) 7... Bg7 8. Nf3 O-O
9. Be2 Nc6 10. O-O Bf5 11. Bg5 (11. Be3 {plus courant} d5 12. c5 Nc4 13. Bxc4
dxc4 14. Qa4 Bd3 15. Rfd1 Qa5 16. Qxa5 Nxa5 17. Ne1 {[%cal Ge1d3]} Bf5 18. d5
Rfd8 19. f3 Rac8 20. g4 Bd3) 11... h6 12. Be3 d5 13. c5 Nc4 14. Bc1 b6 15. b3
bxc5 $5 {[%cal Gg7c3]} 16. bxc4 {le sacrifice de qualité donne des bons
résultats aux blancs dans la pratique} cxd4 17. Nxd5 d3 {[%cal Gd3e2,Gg7a1]} (
17... e6) 18. Bxd3 Bxd3 19. Qxd3 Bxa1 20. Bxh6 {[%cal Gf1a1]} Bg7 21. Bxg7 Kxg7
22. Qc3+ f6 23. Ng5 $1 $146 {L'amélioration préparée par l'israélien} ({RR} 23.
Nf4 {[%cal Gf4e6,Re6g7,Re6d8]} Qd6 24. Ng5 Nd8 25. Nd3 e5 26. Ne4 Qd4 27. Qxd4
exd4 28. Rb1 Nc6 29. f4 Rab8 30. Rb5 Rfe8 31. Nec5 Re2 32. a4 Rbe8 33. f5 gxf5
34. Nf4 R2e5 35. Nd5 Kg6 36. Nd3 Re4 37. Rb7 Rf8 {Mietner,W (2139)-Barthel,A 
(2198)/Essen 2002/CBM 087 ext/0-1 (44)}) 23... Qd6 24. Nc7 Kg8 25. Nge6 Rfc8 {
[%cal Gc8c7]} 26. c5 Qd7 27. Qg3 (27. Qc2 $1 {[%cal Gc2g6,Gf1d1] Un coup
multifonction permettant d'attaquer la faiblesse "c2" tout en gardant l'option
Rd1 gagnant un temps de dévelloppement sur la Q} Ne5 (27... Kf7 28. Rd1) 28. f4
) 27... g5 28. h4 $2 (28. f4 $142 $1 $40 {fait jouer la R} Rxc7 29. fxg5 $1 {
[%cal Ge6c7,Gg5f6]} f5 30. Nxc7 Rb8 (30... Rc8 $2 31. Qb3+ Kh8 32. Ne6 {
[%cal Gf1f4,Gf4h4,Gf1f5]})) 28... Rxc7 29. Nxc7 Nd4 $1 {[%cal Gd4e2]} 30. Qd3 {
[%cal Gd3g6]} Rc8 (30... Rd8) 31. Rd1 e5 32. hxg5 $2 (32. Nb5 $1 Qxb5 33. Qg6+)
32... Rxc7 33. gxf6 Qg4 34. Re1 Rxc5 35. Re3 Kf8 $2 $138 (35... Kf7) 36. Qa3 {
[%csl Rc5]} Ne6 37. Qxa7 (37. Rxe5 Qd1+ 38. Kh2 Qd6 39. f4) 37... Rc7 38. Qb8+
Kf7 39. Rg3 Rc1+ 40. Kh2 Qh4+ 41. Rh3 Qf4+ 42. Rg3 Kxf6 43. Qh8+ Ke7 44. Qh7+
Kd6 45. Qd3+ Nd4 46. Qa6+ Rc6 47. Qa3+ Kd7 48. Qa7+ Rc7 49. Qa4+ Kd6 50. Qa6+
Rc6 (50... Kc5) 51. Qa3+ Ke6 52. Qa8 Qh4+ 53. Rh3 Nf3+ {[%mdl 520] DOBREV
prend la tête du tournoi après ce gain.} 0-1

[Event "Rohde op 06th"]
[Site "Sautron"]
[Date "2006.10.30"]
[Round "3"]
[White "Draoui, Najib"]
[Black "Dobrev, Nanko"]
[Result "0-1"]
[WhiteElo "2416"]
[BlackElo "2429"]
[Annotator "RR"]
[PlyCount "58"]
[EventDate "2006.10.28"]
[EventType "swiss"]
[EventRounds "9"]
[EventCountry "FRA"]
[SourceTitle "EXT 2007"]
[Source "ChessBase"]
[SourceDate "2006.11.23"]
[SourceVersion "1"]
[SourceVersionDate "2006.11.23"]
[SourceQuality "1"]

1. e4 Nf6 2. e5 Nd5 3. d4 d6 4. Nf3 g6 5. Bc4 (5. c4 Nb6 {Gouliev,N (2509)
-Dobrev,N (2416) Rohde op 4th 2004 (5) 1/2}) 5... Nb6 6. Bb3 Bg7 7. Qe2 $5 {
une ligne secondaire} (7. Ng5) (7. exd6 {Bergez,L (2395)-Dobrev,N (2429) Rohde
op 6th 2006 (5.1) 0-1}) 7... Nc6 8. a4 $5 ({RR} 8. Nbd2 O-O 9. O-O Bg4 10. Qe3
dxe5 11. Nxe5 Nxe5 12. dxe5 Qd7 13. Re1 Qc6 14. c3 Nd7 15. Qg3 Be6 16. Nf3 Bxb3
17. axb3 Nc5 18. Nd4 Qd5 19. b4 Nb3 20. Nxb3 Qxb3 21. e6 Qc4 22. Qf3 c6 {
Arnason,J (2540)-Santo Roman,M (2435)/Novi Sad 1990/TD/0-1 (58)}) (8. O-O) 8...
dxe5 9. dxe5 Nd4 $146 ({RR} 9... O-O 10. a5 Nd5 11. h3 Ndb4 12. O-O Nd4 13.
Nxd4 Qxd4 14. c3 Qd3 15. Qd1 Qxd1 16. Rxd1 Nc6 17. f4 g5 18. Re1 Bf5 19. Nd2
gxf4 20. Nf3 a6 21. Bxf4 e6 22. Bg5 h6 23. Bh4 Kh7 24. Bc4 {Brenjo,S (2320)
-Onischuk,A (2340)/Leningrad 1991/CBM 023 ext/1/2-1/2 (44)}) 10. Nxd4 Qxd4 11.
e6 $5 Bxe6 12. Bxe6 fxe6 13. O-O (13. Qxe6 Qd6) 13... Qc4 14. Qf3 O-O-O 15. a5
Nd5 16. a6 $1 Rhf8 17. axb7+ Kb8 $1 18. Qa3 Bd4 {[%csl Ra7]} 19. Nd2 Qxc2 20.
Nf3 Bc5 (20... Bb6 21. Bh6) 21. b4 Bb6 (21... Nxb4) 22. Bh6 Rf5 23. Bg7 Nf4 $1
{[%csl Gf4,Rg2]} 24. b5 Bc5 25. Qa5 $4 Ne2+ 26. Kh1 Rxf3 $1 27. gxf3 (27. Be5)
27... Qf5 $19 28. Kg2 Nf4+ 29. Kg3 Qg5# {[%mdl 512]} 0-1

[Event "URS-chT Cup 11th 1st league"]
[Site "Jurmala"]
[Date "1980.05.??"]
[Round "4.3"]
[White "Panchenko, Alexander N"]
[Black "Uusi, Gunnar"]
[Result "1-0"]
[WhiteElo "2495"]
[BlackElo "2375"]
[Annotator "RR"]
[PlyCount "87"]
[EventDate "1980.05.23"]
[EventType "team-tourn"]
[EventRounds "6"]
[EventCountry "LAT"]
[SourceTitle "EXT 2020"]
[Source "ChessBase"]
[SourceDate "2019.10.17"]
[SourceVersion "1"]
[SourceVersionDate "2019.10.17"]
[SourceQuality "1"]
[WhiteTeam "Zenit"]
[BlackTeam "Kalev"]
[WhiteTeamCountry "URS"]
[BlackTeamCountry "URS"]

1. e4 Nf6 2. e5 Nd5 3. d4 d6 4. Nf3 g6 5. Bc4 Nb6 6. Bb3 Bg7 7. Ng5 d5 8. f4
O-O 9. O-O f6 10. Nf3 Nc6 ({RR} 10... Bg4 11. Nbd2 Nc6 12. h3 Bf5 13. Rf2 Kh8
14. c3 g5 15. exf6 exf6 16. Nf1 h6 17. Ng3 Bg6 18. Bc2 Qe8 19. b3 Nc8 20. Ba3
Nd6 21. Bxd6 cxd6 22. Re2 Qf7 23. Qb1 Bxc2 24. Qxc2 Rfe8 25. Rae1 {Karpov,A 
(2540)-Grigorian,K (2430)/Leningrad 1971/URS-ch/1-0 (39)}) 11. c3 fxe5 12. fxe5
Bf5 $146 (12... Na5 {Baumgartner,H-Carlier,B Schilde op U18 9th 1973 (6) 0-1})
13. Nh4 Be6 (13... Qd7 14. Nxf5 Rxf5 15. Rxf5 Qxf5 16. Bc2 Qe6 17. Nd2 $14) (
13... e6 {[%cal Gd8h4]} 14. Nxf5 Rxf5 15. Rxf5 exf5 {[%cal Gc6d8,Gd8e6]} 16.
Nd2 Qd7 17. Nf3 Nd8 18. Ng5 h6 19. Nf3 Ne6) 14. Nd2 Rxf1+ 15. Qxf1 Qd7 16. Ndf3
Rf8 17. Bc2 Bg4 $6 (17... a5 {[%cal Ga5a4]}) 18. Qe1 e6 19. Qg3 (19. h3) 19...
Bf5 (19... Bxf3) 20. Nxf5 exf5 21. h4 $16 Nc8 (21... Ne7 {[%cal Ge7g6]}) 22. h5
$36 gxh5 23. Qh3 {[%csl Rf5,Rh5]} Qf7 24. Ng5 $36 Qg6 25. Bd1 Nd8 26. Bxh5 Qh6
27. Nf7 $1 Qe6 28. Nxd8 Rxd8 29. Bg5 {[%csl Gg5,Gh5] La paire de B est trés
forte} Rf8 30. Rf1 c5 31. Rf2 (31. Qg3 $142 {[%cal Gg5f6]}) 31... cxd4 32. cxd4
Nd6 33. Bf3 Kh8 34. Re2 Ne4 35. Bxe4 dxe4 36. Rf2 Qg6 37. Bf4 Qb6 38. Qc3 h6 $6
39. d5 Rd8 40. Qc4 Re8 $2 41. d6 Kh7 42. d7 Rg8 43. e6 Bf6 44. Qc7 1-0

[Event "Rohde op 06th"]
[Site "Sautron"]
[Date "2006.10.31"]
[Round "5"]
[White "Bergez, Luc"]
[Black "Dobrev, Nanko"]
[Result "0-1"]
[WhiteElo "2395"]
[BlackElo "2429"]
[Annotator "RR"]
[PlyCount "102"]
[EventDate "2006.10.28"]
[EventType "swiss"]
[EventRounds "9"]
[EventCountry "FRA"]
[SourceTitle "EXT 2007"]
[Source "ChessBase"]
[SourceDate "2006.11.23"]
[SourceVersion "1"]
[SourceVersionDate "2006.11.23"]
[SourceQuality "1"]

1. e4 Nf6 {DOBREV a joué trois fois la défense ALEKHINE contre 3 MI et il a
gagné les trois parties! g} 2. e5 Nd5 3. d4 d6 4. Nf3 (4. c4 Nb6 5. exd6 cxd6 {
Bitansky,I (2366)-Dobrev,N (2439) Rohde op 6th 2006 (8.1) 0-1}) 4... g6 (4...
Bg4 {la grande ligne}) 5. Bc4 Nb6 6. Bb3 Bg7 7. exd6 (7. Qe2 {Draoui,N (2416)
-Dobrev,N (2429) Rohde op 6th 2006 (3.2) 0-1}) (7. Ng5) 7... cxd6 8. O-O O-O 9.
Nbd2 $146 {Une nouveauté un peu douteuse car le Nd2 occupe une position assez
passive} ({RR} 9. Bg5 Nc6 10. c3 d5 11. Nbd2 h6 12. Bf4 g5 13. Bg3 f5 14. Be5
Nxe5 15. Nxe5 Bxe5 16. dxe5 f4 17. Nf3 e6 18. Nd4 Qe7 19. a4 Bd7 20. a5 Nc4 21.
Bxc4 dxc4 22. Qf3 Rab8 23. Rfd1 Qg7 {Tischbierek,R (2526)-Schroll,G (2414)/
Austria 2000/EXT 2001/1/2-1/2 (51)}) (9. Re1 {[%csl Re7]} Nc6 10. h3 Bf5 (10...
Na5 {[%cal Ga5b3,Ga5c4]})) (9. h3 Nc6 10. Re1 Bf5 11. c3 Na5 12. Bc2 Bxc2 13.
Qxc2 Qc7) 9... Nc6 $1 {[%csl Rd4]} 10. c3 Qc7 11. Ne4 d5 12. Ng3 $11 {[%csl
Rg3] Le français n'a rien obtenu de l'ouverture. L'idée de ramener un N а
l'aile-roi serait nettement plus efficace en ayant retardé le roque pour jouer
h2h4 avec un N soutenant la percée h5} Nc4 13. h3 (13. Re1 Bg4 14. h3 Bxf3 15.
Qxf3 Rad8) 13... b5 $1 {l'attaque de minorité donne l'initiative au bulgare}
14. Re1 b4 $36 15. Bxc4 dxc4 16. Qe2 Be6 17. Qe4 (17. Ng5 Bd5 $15) 17... Rad8
18. Qh4 {[%csl Rh7][%cal Gf3g5]} Bd5 19. Ne4 f6 $1 20. Nc5 e5 $1 21. dxe5 Nxe5
22. Nxe5 Qxc5 23. Ng4 a5 24. Be3 (24. Bh6) 24... Qc6 25. Qg3 Be4 {[%cal Ge4d3]}
26. Bd4 Rde8 (26... Rfe8 27. Qh4) 27. cxb4 axb4 28. a3 f5 29. Bxg7 Kxg7 30. Ne5
$4 f4 $40 31. Qg5 Qd5 {[%csl Re5]} 32. Rad1 Qxe5 33. Qxe5+ Rxe5 34. f3 $4 c3 $2
$138 (34... bxa3 $3 35. fxe4 axb2 36. Re2 c3 $19) 35. fxe4 cxb2 36. axb4 Rb8
37. Rd7+ Kh6 38. Rd4 Reb5 39. Rb1 Rxb4 40. Rd2 Kg7 41. e5 Kf7 42. Re2 Ke6 43.
Kf2 Rb3 44. Kg1 g5 45. Kf2 h5 46. Kf1 g4 47. hxg4 hxg4 48. Re4 Rc3 49. Ree1 Rc2
50. Rbd1 Rh8 51. Kg1 f3 0-1